[Event "Grand Swiss "]
[Date "2025.09.08"]
[White "Rapport, Richard"]
[Black "Maghsoodloo, Parham"]
[WhiteElo "2711"]
[BlackElo "2692"]
[Round "5.5.1"]
[Result "0-1"]

1. d4 {[%clk 01:39:42] [%emt 00:01:16]} d5 {[%clk 01:37:30] [%emt 00:03:31]} 2.
Nf3 {[%clk 01:39:19] [%emt 00:00:53]} Nf6 {[%clk 01:35:26] [%emt 00:02:34]} 3.
Bf4 {[%clk 01:39:22] [%emt 00:00:27]} c5 {[%clk 01:33:59] [%emt 00:01:58]} 4. e3
{[%clk 01:38:59] [%emt 00:00:53]} Nc6 {[%clk 01:33:35] [%emt 00:00:53]} 5. Nbd2
{[%clk 01:39:21] [%emt 00:00:08]} Bg4 {[%clk 01:33:29] [%emt 00:00:37]} 6. c3
{[%clk 01:39:00] [%emt 00:00:50]} e6 {[%clk 01:33:13] [%emt 00:00:47]} 7. Qb3
{[%clk 01:38:57] [%emt 00:00:33]} Qc8 {[%clk 01:33:23] [%emt 00:00:20]} 8. h3
{[%clk 01:39:09] [%emt 00:00:18]} Bh5 {[%clk 01:33:25] [%emt 00:00:28]} 9. Be2
{[%clk 01:39:04] [%emt 00:00:34]} h6 {[%clk 01:33:11] [%emt 00:00:45]} 10. Qd1
{[%clk 01:28:25] [%emt 00:11:09]} Be7 {[%clk 01:12:54] [%emt 00:20:47]} 11. Bd3
{[%clk 01:19:33] [%emt 00:09:22]} O-O {[%clk 01:12:52] [%emt 00:00:32]} 12. g4
{[%clk 01:17:05] [%emt 00:02:58]} Bg6 {[%clk 01:12:53] [%emt 00:00:29]} 13. Bxg6
{[%clk 01:15:39] [%emt 00:01:56]} fxg6 {[%clk 01:13:17] [%emt 00:00:06]} 14. Bg3
{[%clk 01:15:26] [%emt 00:00:42]} Qe8 {[%clk 01:09:18] [%emt 00:04:30]} 15. Qe2
{[%clk 01:09:33] [%emt 00:06:24]} a6 {[%clk 01:04:04] [%emt 00:05:44]} 16. a4
{[%clk 01:03:04] [%emt 00:06:59]} Rc8 {[%clk 00:59:24] [%emt 00:05:09]} 17. O-O
{[%clk 00:56:27] [%emt 00:07:06]} g5 {[%clk 00:58:42] [%emt 00:01:14]} 18. dxc5
{[%clk 00:53:08] [%emt 00:03:49]} Bxc5 {[%clk 00:57:10] [%emt 00:02:01]} 19. b4
{[%clk 00:52:05] [%emt 00:01:33]} Be7 {[%clk 00:56:53] [%emt 00:00:46]} 20. b5
{[%clk 00:50:17] [%emt 00:02:18]} axb5 {[%clk 00:56:57] [%emt 00:00:27]} 21.
axb5 {[%clk 00:50:04] [%emt 00:00:43]} Nd8 {[%clk 00:57:10] [%emt 00:00:17]} 22.
Rfc1 {[%clk 00:35:46] [%emt 00:14:48]} Nf7 {[%clk 00:56:03] [%emt 00:01:37]} 23.
e4 {[%clk 00:28:09] [%emt 00:08:07]} dxe4 {[%clk 00:55:38] [%emt 00:00:55]} 24.
Nd4 {[%clk 00:24:13] [%emt 00:04:26]} Bc5 {[%clk 00:47:29] [%emt 00:08:40]} 25.
Nxe4 {[%clk 00:21:43] [%emt 00:03:00]} Nxe4 {[%clk 00:47:54] [%emt 00:00:05]}
26. Qxe4 {[%clk 00:22:05] [%emt 00:00:08]} e5 {[%clk 00:48:22] [%emt 00:00:02]}
27. Nf5 {[%clk 00:19:49] [%emt 00:02:46]} g6 {[%clk 00:46:21] [%emt 00:02:31]}
28. Nd4 {[%clk 00:12:19] [%emt 00:08:00]} Kh7 {[%clk 00:32:52] [%emt 00:13:58]}
29. Nb3 {[%clk 00:11:44] [%emt 00:01:05]} Nd6 {[%clk 00:29:59] [%emt 00:03:23]}
30. Qd5 {[%clk 00:11:26] [%emt 00:00:49]} Qf7 {[%clk 00:30:16] [%emt 00:00:12]}
31. Qxf7+ {[%clk 00:11:43] [%emt 00:00:13]} Rxf7 {[%clk 00:30:42] [%emt
00:00:05]} 32. c4 {[%clk 00:03:50] [%emt 00:08:23]} h5 {[%clk 00:28:43] [%emt
00:02:29]} 33. Nxc5 {[%clk 00:03:35] [%emt 00:00:45]} Rxc5 {[%clk 00:29:04]
[%emt 00:00:09]} 34. Re1 {[%clk 00:03:30] [%emt 00:00:34]} Nxc4 {[%clk 00:29:18]
[%emt 00:00:16]} 35. Rac1 {[%clk 00:02:37] [%emt 00:01:23]} h4 {[%clk 00:27:47]
[%emt 00:02:01]} 36. Bh2 {[%clk 00:03:01] [%emt 00:00:07]} b6 {[%clk 00:27:33]
[%emt 00:00:44]} 37. Kg2 {[%clk 00:02:44] [%emt 00:00:46]} Rfc7 {[%clk 00:17:55]
[%emt 00:10:08]} 38. Rc3 {[%clk 00:03:10] [%emt 00:00:04]} Rc8 {[%clk 00:17:27]
[%emt 00:00:58]} 39. Rd1 {[%clk 00:02:30] [%emt 00:01:11]} Rxb5 {[%clk 00:16:03]
[%emt 00:01:54]} 40. Rd7+ {[%clk 00:01:07] [%emt 00:01:52]} Kg8 {[%clk 00:16:28]
[%emt 00:00:04]} 41. Bg1 {[%clk 00:26:48] [%emt 00:24:50]} Rb2 {[%clk 00:51:37]
[%emt 00:15:21]} 42. Re7 {[%clk 00:25:22] [%emt 00:01:56]} b5 {[%clk 00:50:38]
[%emt 00:01:29]} 43. Rd3 {[%clk 00:25:23] [%emt 00:00:28]} Rd2 {[%clk 00:50:14]
[%emt 00:00:54]} 44. Rxd2 {[%clk 00:25:34] [%emt 00:00:20]} Nxd2 {[%clk
00:50:39] [%emt 00:00:05]} 45. Rb7 {[%clk 00:26:02] [%emt 00:00:02]} Rc5 {[%clk
00:43:55] [%emt 00:07:13]} 46. f4 {[%clk 00:25:10] [%emt 00:01:22]} Rd5 {[%clk
00:44:13] [%emt 00:00:12]} 47. fxg5 {[%clk 00:23:24] [%emt 00:02:17]} Ne4 {[%clk
00:43:10] [%emt 00:01:32]} 48. Be3 {[%clk 00:20:38] [%emt 00:03:16]} Rd3 {[%clk
00:43:31] [%emt 00:00:08]} 49. Ba7 {[%clk 00:19:51] [%emt 00:01:18]} Nxg5 {[%clk
00:40:10] [%emt 00:03:51]} 50. Rxb5 {[%clk 00:19:58] [%emt 00:00:23]} Rg3+
{[%clk 00:40:33] [%emt 00:00:06]} 51. Kf1 {[%clk 00:19:34] [%emt 00:00:54]} Nxh3
{[%clk 00:40:34] [%emt 00:00:30]} 52. Rxe5 {[%clk 00:18:31] [%emt 00:01:33]}
Rxg4 {[%clk 00:40:58] [%emt 00:00:06]} 53. Rd5 {[%clk 00:13:34] [%emt 00:05:27]}
Kf7 {[%clk 00:37:54] [%emt 00:03:34]} 54. Rd3 {[%clk 00:10:23] [%emt 00:03:41]}
Nf4 {[%clk 00:36:51] [%emt 00:01:32]} 55. Rd4 {[%clk 00:10:10] [%emt 00:00:44]}
Ke6 {[%clk 00:36:32] [%emt 00:00:50]} 56. Ra4 {[%clk 00:10:08] [%emt 00:00:33]}
g5 {[%clk 00:36:42] [%emt 00:00:19]} 57. Bf2 {[%clk 00:06:54] [%emt 00:03:44]}
h3 {[%clk 00:35:34] [%emt 00:01:38]} 58. Ra6+ {[%clk 00:06:25] [%emt 00:00:59]}
Kf5 {[%clk 00:35:59] [%emt 00:00:05]} 59. Ra5+ {[%clk 00:05:27] [%emt 00:01:29]}
Kg6 {[%clk 00:35:38] [%emt 00:00:50]} 60. Ra6+ {[%clk 00:05:13] [%emt 00:00:44]}
Kh5 {[%clk 00:36:03] [%emt 00:00:05]} 61. Ra7 {[%clk 00:05:19] [%emt 00:00:25]}
Rg2 {[%clk 00:36:28] [%emt 00:00:05]} 62. Be3 {[%clk 00:05:36] [%emt 00:00:13]}
h2 {[%clk 00:34:52] [%emt 00:02:05]} 63. Rh7+ {[%clk 00:06:01] [%emt 00:00:06]}
Kg4 {[%clk 00:35:18] [%emt 00:00:04]} 64. Bxf4 {[%clk 00:05:40] [%emt 00:00:50]}
Rg1+ {[%clk 00:35:43] [%emt 00:00:05]} 0-1

[Site "Europe Echecs"]

[Event "Grand Swiss "]
[Date "2025.09.08"]
[White "Bluebaum, Matthias"]
[Black "Praggnanandhaa R"]
[WhiteElo "2671"]
[BlackElo "2785"]
[Round "5.5.2"]
[Result "1-0"]

1. d4 {[%clk 01:40:56] [%emt 00:00:02]} e6 {[%clk 01:39:56] [%emt 00:01:05]} 2.
c4 {[%clk 01:41:11] [%emt 00:00:14]} Bb4+ {[%clk 01:40:06] [%emt 00:00:20]} 3.
Nc3 {[%clk 01:39:26] [%emt 00:02:16]} Bxc3+ {[%clk 01:40:29] [%emt 00:00:07]} 4.
bxc3 {[%clk 01:39:51] [%emt 00:00:05]} f5 {[%clk 01:40:55] [%emt 00:00:04]} 5.
e4 {[%clk 01:33:19] [%emt 00:07:01]} fxe4 {[%clk 01:39:55] [%emt 00:01:30]} 6.
Qg4 {[%clk 01:33:37] [%emt 00:00:12]} Qe7 {[%clk 01:38:09] [%emt 00:02:15]} 7.
Qxe4 {[%clk 01:30:27] [%emt 00:03:39]} Nf6 {[%clk 01:38:31] [%emt 00:00:08]} 8.
Qc2 {[%clk 01:29:43] [%emt 00:01:15]} b6 {[%clk 01:21:14] [%emt 00:17:47]} 9.
Nf3 {[%clk 01:24:48] [%emt 00:05:24]} Bb7 {[%clk 01:09:52] [%emt 00:11:53]} 10.
Be2 {[%clk 01:24:16] [%emt 00:01:01]} d6 {[%clk 01:07:30] [%emt 00:02:52]} 11.
O-O {[%clk 01:21:23] [%emt 00:03:22]} Nbd7 {[%clk 01:07:36] [%emt 00:00:25]} 12.
Be3 {[%clk 01:17:12] [%emt 00:04:41]} O-O {[%clk 00:59:19] [%emt 00:08:48]} 13.
Nd2 {[%clk 01:09:45] [%emt 00:07:57]} e5 {[%clk 00:57:32] [%emt 00:02:17]} 14.
Rae1 {[%clk 01:05:59] [%emt 00:04:15]} Kh8 {[%clk 00:57:06] [%emt 00:00:57]} 15.
Bd1 {[%clk 00:58:23] [%emt 00:08:06]} Rae8 {[%clk 00:52:23] [%emt 00:05:12]} 16.
f4 {[%emt 00:10:07]} exf4 {[%clk 00:40:03] [%emt 00:07:10]} 17. Rxf4 {[%clk
00:52:51] [%emt 00:02:05]} Qf7 {[%clk 00:38:55] [%emt 00:01:38]} 18. Rff1 {[%clk
00:48:41] [%emt 00:04:39]} Re7 {[%clk 00:38:12] [%emt 00:01:14]} 19. Qd3 {[%clk
00:44:27] [%emt 00:04:44]} Rfe8 {[%clk 00:32:51] [%emt 00:05:50]} 20. Bf2 {[%clk
00:41:40] [%emt 00:03:17]} Rxe1 {[%clk 00:29:20] [%emt 00:04:02]} 21. Rxe1
{[%clk 00:41:25] [%emt 00:00:44]} Rxe1+ {[%clk 00:28:01] [%emt 00:01:50]} 22.
Bxe1 {[%clk 00:41:53] [%emt 00:00:01]} Nf8 {[%clk 00:27:48] [%emt 00:00:44]} 23.
Qe3 {[%clk 00:36:30] [%emt 00:05:53]} Ng6 {[%clk 00:26:58] [%emt 00:01:19]} 24.
Bg3 {[%clk 00:35:10] [%emt 00:01:50]} Qd7 {[%clk 00:23:10] [%emt 00:04:18]} 25.
h3 {[%clk 00:29:43] [%emt 00:05:57]} Qf5 {[%clk 00:18:27] [%emt 00:05:14]} 26.
d5 {[%clk 00:25:34] [%emt 00:04:40]} Ba6 {[%clk 00:15:05] [%emt 00:03:52]} 27.
a3 {[%clk 00:18:50] [%emt 00:07:14]} Kg8 {[%clk 00:06:55] [%emt 00:08:40]} 28.
Be2 {[%clk 00:13:30] [%emt 00:05:51]} Ne5 {[%clk 00:05:12] [%emt 00:02:12]} 29.
Bxe5 {[%clk 00:11:39] [%emt 00:02:21]} dxe5 {[%clk 00:05:36] [%emt 00:00:06]}
30. Nf3 {[%clk 00:08:03] [%emt 00:04:07]} Qe4 {[%clk 00:03:42] [%emt 00:02:24]}
31. Qxe4 {[%clk 00:07:09] [%emt 00:01:24]} Nxe4 {[%clk 00:04:10] [%emt
00:00:01]} 32. Nxe5 {[%clk 00:07:27] [%emt 00:00:11]} Nxc3 {[%clk 00:04:35]
[%emt 00:00:06]} 33. Bd3 {[%clk 00:07:53] [%emt 00:00:04]} b5 {[%clk 00:04:49]
[%emt 00:00:15]} 34. c5 {[%clk 00:04:29] [%emt 00:03:55]} Nxd5 {[%clk 00:05:01]
[%emt 00:00:18]} 35. Nc6 {[%clk 00:04:31] [%emt 00:00:27]} Bb7 {[%clk 00:01:39]
[%emt 00:03:52]} 36. Nxa7 {[%clk 00:04:22] [%emt 00:00:40]} c6 {[%clk 00:01:47]
[%emt 00:00:22]} 37. Be4 {[%clk 00:04:05] [%emt 00:00:47]} Nc3 {[%clk 00:00:40]
[%emt 00:01:37]} 38. Bxc6 {[%clk 00:04:27] [%emt 00:00:08]} Bxc6 {[%clk
00:01:05] [%emt 00:00:05]} 39. Nxc6 {[%clk 00:04:54] [%emt 00:00:03]} Kf7 {[%clk
00:00:45] [%emt 00:00:49]} 40. Nd4 {[%clk 00:03:30] [%emt 00:01:54]} Kf6 {[%clk
00:00:39] [%emt 00:00:34]} 41. c6 {[%clk 00:48:17] [%emt 00:05:45]} Ke7 {[%clk
00:50:52] [%emt 00:00:16]} 42. Kf2 {[%clk 00:45:29] [%emt 00:03:18]} Kd6 {[%clk
00:49:53] [%emt 00:01:30]} 43. Kf3 {[%clk 00:43:17] [%emt 00:02:41]} g6 {[%clk
00:25:22] [%emt 00:25:01]} 44. h4 {[%clk 00:37:43] [%emt 00:06:04]} h6 {[%clk
00:21:19] [%emt 00:04:33]} 45. Kg4 {[%clk 00:35:56] [%emt 00:02:18]} Nd5 {[%clk
00:18:09] [%emt 00:03:40]} 46. Nxb5+ {[%clk 00:29:33] [%emt 00:06:53]} Kxc6
{[%clk 00:18:33] [%emt 00:00:06]} 47. Nd4+ {[%clk 00:29:04] [%emt 00:00:59]} Kc5
{[%clk 00:16:45] [%emt 00:02:17]} 48. Nc2 {[%clk 00:27:59] [%emt 00:01:35]} Kc4
{[%clk 00:14:08] [%emt 00:03:08]} 49. Kf3 {[%clk 00:25:50] [%emt 00:02:39]} Kb3
{[%clk 00:12:53] [%emt 00:01:44]} 50. Ne3 {[%clk 00:24:27] [%emt 00:01:53]} Nf6
{[%clk 00:06:46] [%emt 00:06:37]} 51. Ng4 {[%clk 00:21:57] [%emt 00:03:01]} Ng8
{[%clk 00:06:51] [%emt 00:00:25]} 52. Ke4 {[%clk 00:20:54] [%emt 00:01:33]} Kxa3
{[%clk 00:05:50] [%emt 00:01:31]} 53. Ke5 {[%clk 00:20:35] [%emt 00:00:49]} h5
{[%clk 00:05:46] [%emt 00:00:34]} 54. Ke6 {[%clk 00:16:33] [%emt 00:04:31]} hxg4
{[%clk 00:05:49] [%emt 00:00:27]} 55. Kf7 {[%clk 00:17:00] [%emt 00:00:04]} 1-0

[Site "Europe Echecs"]

[Event "Grand Swiss "]
[Date "2025.09.08"]
[White "Mishra, Abhimanyu"]
[Black "Gukesh D"]
[WhiteElo "2611"]
[BlackElo "2767"]
[Round "5.5.4"]
[Result "1-0"]

1. e4 {[%clk 01:40:59]} e5 {[%clk 01:40:53] [%emt 00:00:07]} 2. Nf3 {[%clk
01:41:24] [%emt 00:00:05]} Nc6 {[%clk 01:41:18] [%emt 00:00:05]} 3. Bc4 {[%clk
01:41:49] [%emt 00:00:05]} Bc5 {[%clk 01:41:41] [%emt 00:00:07]} 4. d3 {[%clk
01:42:13] [%emt 00:00:06]} Nf6 {[%clk 01:42:04] [%emt 00:00:06]} 5. Bg5 {[%clk
01:42:39] [%emt 00:00:05]} h6 {[%clk 01:41:43] [%emt 00:00:51]} 6. Bh4 {[%clk
01:43:04] [%emt 00:00:05]} a6 {[%clk 01:41:39] [%emt 00:00:34]} 7. O-O {[%clk
01:40:39] [%emt 00:02:55]} d6 {[%clk 01:41:26] [%emt 00:00:43]} 8. c3 {[%clk
01:40:05] [%emt 00:01:05]} Ba7 {[%clk 01:41:49] [%emt 00:00:07]} 9. Nbd2 {[%clk
01:38:00] [%emt 00:02:35]} g5 {[%clk 01:42:12] [%emt 00:00:07]} 10. Bg3 {[%clk
01:38:23] [%emt 00:00:07]} Nh7 {[%clk 01:42:36] [%emt 00:00:06]} 11. d4 {[%clk
01:19:39] [%emt 00:19:15]} h5 {[%clk 01:42:04] [%emt 00:01:02]} 12. dxe5 {[%clk
01:07:08] [%emt 00:13:01]} g4 {[%clk 01:21:23] [%emt 00:21:11]} 13. exd6 {[%clk
00:49:11] [%emt 00:18:27]} gxf3 {[%clk 01:21:27] [%emt 00:00:25]} 14. dxc7
{[%clk 00:49:08] [%emt 00:00:34]} Qe7 {[%clk 01:09:21] [%emt 00:12:36]} 15. Nxf3
{[%clk 00:46:39] [%emt 00:02:59]} Bg4 {[%clk 01:07:40] [%emt 00:02:10]} 16. h3
{[%clk 00:41:44] [%emt 00:05:26]} Be6 {[%clk 00:47:16] [%emt 00:20:55]} 17. Bd6
{[%clk 00:36:23] [%emt 00:05:51]} Qd7 {[%clk 00:46:03] [%emt 00:01:42]} 18. Bxe6
{[%clk 00:33:37] [%emt 00:03:17]} Qxe6 {[%clk 00:46:14] [%emt 00:00:19]} 19. e5
{[%clk 00:32:01] [%emt 00:02:06]} Kd7 {[%clk 00:38:39] [%emt 00:08:05]} 20. Nd4
{[%clk 00:23:46] [%emt 00:08:45]} Bxd4 {[%clk 00:31:54] [%emt 00:07:14]} 21.
cxd4 {[%clk 00:24:15] [%emt 00:00:02]} Qd5 {[%clk 00:31:09] [%emt 00:01:15]} 22.
Qxh5 {[%clk 00:20:21] [%emt 00:04:25]} Nf6 {[%clk 00:26:31] [%emt 00:05:08]} 23.
Qf5+ {[%clk 00:18:39] [%emt 00:02:11]} Qe6 {[%clk 00:26:54] [%emt 00:00:07]} 24.
Qxe6+ {[%clk 00:15:08] [%emt 00:04:01]} fxe6 {[%clk 00:26:54] [%emt 00:00:31]}
25. f4 {[%clk 00:13:24] [%emt 00:02:15]} Nd5 {[%clk 00:17:07] [%emt 00:10:16]}
26. f5 {[%clk 00:12:43] [%emt 00:01:11]} exf5 {[%clk 00:17:18] [%emt 00:00:19]}
27. Rxf5 {[%clk 00:12:38] [%emt 00:00:35]} Nxd4 {[%clk 00:13:38] [%emt
00:04:10]} 28. Rf7+ {[%clk 00:10:41] [%emt 00:02:27]} Ke6 {[%clk 00:13:23] [%emt
00:00:45]} 29. Raf1 {[%clk 00:10:16] [%emt 00:00:54]} Rhg8 {[%clk 00:10:14]
[%emt 00:03:39]} 30. g4 {[%clk 00:07:28] [%emt 00:03:19]} Nb5 {[%clk 00:06:28]
[%emt 00:04:16]} 31. Rh7 {[%clk 00:05:14] [%emt 00:02:43]} Rg6 {[%clk 00:04:25]
[%emt 00:02:34]} 32. Rff7 {[%clk 00:03:49] [%emt 00:01:56]} Rc8 {[%clk 00:01:35]
[%emt 00:03:20]} 33. Rd7 {[%clk 00:02:59] [%emt 00:01:20]} Rh6 {[%clk 00:00:44]
[%emt 00:01:21]} 34. Rhg7 {[%clk 00:02:27] [%emt 00:01:01]} Rxh3 {[%clk
00:00:44] [%emt 00:00:31]} 35. a4 {[%clk 00:01:19] [%emt 00:01:38]} Nd4 {[%clk
00:00:41] [%emt 00:00:33]} 36. Bc5 {[%clk 00:01:07] [%emt 00:00:42]} Ne2+ {[%clk
00:00:36] [%emt 00:00:35]} 37. Kf1 {[%clk 00:00:56] [%emt 00:00:40]} Nef4 {[%clk
00:00:34] [%emt 00:00:32]} 38. Bd4 {[%clk 00:00:52] [%emt 00:00:34]} Rf3+ {[%clk
00:00:35] [%emt 00:00:29]} 39. Ke1 {[%clk 00:01:12] [%emt 00:00:09]} Nd3+ {[%clk
00:00:50] [%emt 00:00:15]} 40. Kd2 {[%clk 00:00:39] [%emt 00:01:04]} Nxe5 {[%clk
00:00:38] [%emt 00:00:42]} 41. Bxe5 {[%clk 00:45:32] [%emt 00:05:36]} Kxe5
{[%clk 00:44:13] [%emt 00:06:56]} 42. Rg5+ {[%clk 00:45:40] [%emt 00:00:22]} Ke6
{[%clk 00:42:51] [%emt 00:01:52]} 43. Rgxd5 {[%clk 00:36:24] [%emt 00:09:46]}
Rb3 {[%clk 00:41:16] [%emt 00:02:05]} 44. R7d6+ {[%clk 00:27:34] [%emt
00:09:20]} Ke7 {[%clk 00:40:43] [%emt 00:01:02]} 45. Rd7+ {[%clk 00:27:49] [%emt
00:00:15]} Ke6 {[%clk 00:40:57] [%emt 00:00:16]} 46. R5d6+ {[%clk 00:23:15]
[%emt 00:05:04]} Ke5 {[%clk 00:41:15] [%emt 00:00:12]} 47. Rd3 {[%clk 00:22:37]
[%emt 00:01:07]} Rxb2+ {[%clk 00:40:07] [%emt 00:01:39]} 48. Kc1 {[%clk
00:22:06] [%emt 00:01:01]} Rh2 {[%clk 00:35:17] [%emt 00:05:19]} 49. g5 {[%clk
00:16:46] [%emt 00:05:49]} Kf5 {[%clk 00:30:03] [%emt 00:05:44]} 50. R3d5+
{[%clk 00:14:58] [%emt 00:02:18]} Ke6 {[%clk 00:30:07] [%emt 00:00:26]} 51.
R5d6+ {[%clk 00:14:42] [%emt 00:00:45]} Ke5 {[%clk 00:30:22] [%emt 00:00:17]}
52. Rd2 {[%clk 00:12:46] [%emt 00:02:25]} Rh1+ {[%clk 00:13:42] [%emt 00:17:11]}
53. Kb2 {[%clk 00:12:59]} Kf5 {[%clk 00:14:02] [%emt 00:00:27]} 54. Rg7 {[%emt
00:01:48]} Rhh8 {[%clk 00:13:47] [%emt 00:00:13]} 55. Rf2+ {[%clk 00:11:32]
[%emt 00:01:11]} Ke5 {[%clk 00:13:10] [%emt 00:01:08]} 56. g6 {[%clk 00:10:40]
[%emt 00:01:21]} Rh4 {[%clk 00:12:58] [%emt 00:00:42]} 57. Rgf7 {[%clk 00:08:34]
[%emt 00:02:36]} b5 {[%clk 00:09:58] [%emt 00:03:31]} 58. axb5 {[%clk 00:07:38]
[%emt 00:01:26]} axb5 {[%clk 00:10:22] [%emt 00:00:04]} 59. g7 {[%clk 00:07:21]
[%emt 00:00:48]} Rb4+ {[%clk 00:10:31] [%emt 00:00:22]} 60. Kc3 {[%clk 00:06:57]
[%emt 00:00:53]} Rc4+ {[%clk 00:10:19] [%emt 00:00:43]} 61. Kb3 {[%clk 00:06:24]
[%emt 00:01:02]} 1-0

[Site "Europe Echecs"]

[Event "Grand Swiss "]
[Date "2025.09.08"]
[White "Yakubboev, Nodirbek"]
[Black "Gumularz, Szymon"]
[WhiteElo "2681"]
[BlackElo "2590"]
[Round "5.5.7"]
[Result "1/2-1/2"]

1. d4 {[%clk 01:40:52] [%emt 00:00:07]} d5 {[%clk 01:40:52] [%emt 00:00:09]} 2.
c4 {[%clk 01:41:17] [%emt 00:00:05]} c6 {[%clk 01:41:16] [%emt 00:00:06]} 3. Nf3
{[%clk 01:41:35] [%emt 00:00:12]} Nf6 {[%clk 01:41:38] [%emt 00:00:07]} 4. Nc3
{[%clk 01:41:42] [%emt 00:00:23]} e6 {[%clk 01:42:02] [%emt 00:00:07]} 5. g3
{[%clk 01:41:41] [%emt 00:00:28]} Be7 {[%clk 01:41:50] [%emt 00:00:44]} 6. Bg2
{[%clk 01:41:53] [%emt 00:00:18]} O-O {[%clk 01:42:12] [%emt 00:00:08]} 7. O-O
{[%clk 01:41:34] [%emt 00:00:49]} a5 {[%clk 01:42:28] [%emt 00:00:14]} 8. b3
{[%clk 01:39:05] [%emt 00:02:59]} b6 {[%clk 01:41:45] [%emt 00:01:13]} 9. a3
{[%clk 01:34:52] [%emt 00:04:43]} Ba6 {[%clk 01:38:41] [%emt 00:03:33]} 10. Nd2
{[%clk 01:32:56] [%emt 00:02:25]} b5 {[%clk 01:30:47] [%emt 00:08:25]} 11. c5
{[%clk 01:33:08] [%emt 00:00:18]} b4 {[%clk 01:18:14] [%emt 00:13:03]} 12. axb4
{[%clk 01:31:46] [%emt 00:01:53]} axb4 {[%clk 01:18:39] [%emt 00:00:04]} 13. Na2
{[%clk 01:31:54] [%emt 00:00:22]} Bb5 {[%clk 01:17:23] [%emt 00:01:46]} 14. Bb2
{[%clk 01:28:20] [%emt 00:04:04]} Na6 {[%clk 01:16:27] [%emt 00:01:26]} 15. Re1
{[%clk 01:28:49] [%emt 00:00:01]} Re8 {[%clk 01:16:31] [%emt 00:00:26]} 16. Qc2
{[%clk 01:25:34] [%emt 00:03:45]} h6 {[%clk 01:10:54] [%emt 00:06:07]} 17. Nc1
{[%clk 00:57:57] [%emt 00:28:07]} e5 {[%clk 00:51:41] [%emt 00:19:42]} 18. dxe5
{[%clk 00:53:42] [%emt 00:04:45]} Nd7 {[%clk 00:52:03] [%emt 00:00:09]} 19. Nf3
{[%clk 00:43:58] [%emt 00:10:15]} Bxc5 {[%clk 00:51:58] [%emt 00:00:35]} 20. Nd3
{[%clk 00:43:19] [%emt 00:01:08]} Bb6 {[%clk 00:52:07] [%emt 00:00:21]} 21. Nd4
{[%clk 00:37:42] [%emt 00:06:06]} Bxd4 {[%clk 00:52:27] [%emt 00:00:11]} 22.
Bxd4 {[%clk 00:38:08] [%emt 00:00:04]} Rc8 {[%clk 00:50:17] [%emt 00:02:39]} 23.
Bb2 {[%clk 00:32:57] [%emt 00:05:41]} c5 {[%clk 00:46:28] [%emt 00:04:19]} 24.
Bxd5 {[%clk 00:30:21] [%emt 00:03:06]} Nxe5 {[%clk 00:46:28] [%emt 00:00:31]}
25. Nf4 {[%clk 00:30:32] [%emt 00:00:18]} Nc7 {[%clk 00:29:49] [%emt 00:17:09]}
26. Bb7 {[%clk 00:21:05] [%emt 00:09:58]} Rb8 {[%clk 00:29:57] [%emt 00:00:21]}
27. Red1 {[%clk 00:20:32] [%emt 00:01:03]} Qe7 {[%clk 00:27:51] [%emt 00:02:35]}
28. Bd5 {[%clk 00:10:41] [%emt 00:10:22]} Nxd5 {[%clk 00:26:06] [%emt 00:02:15]}
29. Nxd5 {[%clk 00:11:09] [%emt 00:00:02]} Qe6 {[%clk 00:19:52] [%emt 00:06:44]}
30. Nc7 {[%clk 00:06:00] [%emt 00:05:38]} Qh3 {[%clk 00:18:25] [%emt 00:01:57]}
31. Bxe5 {[%clk 00:06:22] [%emt 00:00:09]} Bc6 {[%clk 00:14:54] [%emt 00:04:02]}
32. f3 {[%clk 00:04:11] [%emt 00:02:40]} Rxe5 {[%clk 00:15:18] [%emt 00:00:05]}
33. Ra6 {[%clk 00:04:14] [%emt 00:00:28]} Bb7 {[%clk 00:09:18] [%emt 00:06:30]}
34. Rb6 {[%clk 00:03:59] [%emt 00:00:45]} Qc8 {[%clk 00:09:20] [%emt 00:00:28]}
35. Nb5 {[%clk 00:04:14] [%emt 00:00:15]} Be4 {[%clk 00:04:33] [%emt 00:05:16]}
36. Rxb8 {[%clk 00:02:52] [%emt 00:01:53]} Qxb8 {[%clk 00:05:02] [%emt
00:00:02]} 37. fxe4 {[%clk 00:01:22] [%emt 00:01:59]} Qxb5 {[%clk 00:05:28]
[%emt 00:00:04]} 38. Rd8+ {[%clk 00:01:46] [%emt 00:00:05]} 1/2-1/2

[Site "Europe Echecs"]